Diagnóstico sobre el grado de automatización en el sector de las empresas dedicadas a la exportación de flores
Furkejuvvon:
| Váldodahkki: | |
|---|---|
| Materiálatiipa: | Girji |
| Almmustuhtton: |
2006
|
| Fáttát: | |
| Fáddágilkorat: |
Lasit fáddágilkoriid
Eai fáddágilkorat, Lasit vuosttaš fáddágilkora!
|
MARC
| LEADER | 00000nam a2200000Ia 4500 | ||
|---|---|---|---|
| 003 | 009854 | ||
| 005 | 20221231144111.0 | ||
| 008 | 140114s2006 cr a 000 ||s d | ||
| 040 | |c cru CEDI | ||
| 090 | |a TFG 5379 | ||
| 100 | |a Barrantes Murillo, Pedro |9 5009 | ||
| 245 | |a Diagnóstico sobre el grado de automatización en el sector de las empresas dedicadas a la exportación de flores | ||
| 260 | |c 2006 | ||
| 300 | |a [San José, Costa Rica], 2006 | ||
| 500 | |a Proyecto de graduación (bachillerato en ingeniería eléctrica)--Universidad de Costa Rica. Facultad de Ingeniería. Escuela de Ingeniería Eléctrica | ||
| 650 | |x PRODUCTOS AGRICOLAS |x AUTOMATIZACION |x AUTOMATIZACION EN LA INDUSTRIA |x SISTEMAS DE PRODUCCION |9 5010 | ||
| 942 | |c TFG | ||
| 999 | |c 16896 |d 16896 | ||
